000 00677nam a2200193Ii 4500
003 JO-AjNU
008 230605s9999||||xx |||||||||||||| ||und||
040 _aJO-AjNU
_bara
_erda
_cJO-AjNU
041 _aara
050 1 4 _aBP131.5.D3584
100 3 _aإعداد ضمرة، توفيق إبراهيم,
_eauthor
_941107
245 0 0 _aالطريق المنير إلى قراءة ابن كثير بروايتي البزي وقنبل من طريق الشاطبية
264 3 1 _aد.م: د.ن،د.ت
300 _a166ص
336 _atext
_btxt
_2rdacontent
337 _aunmediated
_bn
_2rdamedia
338 _avolume
_bnc
_2rdacarrier
650 4 _aالقران الكريم
_941108
999 _aA17500
_c21068
_d21068